000 01015cam a2200253 4500
001 L136484
002 10282
008 070202n2007 000 0 eng u
020 _a0954870670
035 _a(Sirsi) u136484
050 0 4 _a332.6324 $2 18
245 0 0 _aReal estate investment trusts
_ba global analysis
260 _aLondon
_bGlobe Business Publishing Limited
_c2007
300 _a272p.
_c24cm.
350 _a115.00
505 2 _aAustralia -- Belgium -- Canada -- France -- Germany -- Hong Kong -- Japan -- Malaysia -- Netherlands -- Singapore -- United Kingdom -- United States
520 _aDiscusses the rules and regulation governing REITs, their tax treatment and how they compare with other property funds in the jurisdiction. Considers investor limitations, distribution requirements, gearing, conversion charge and treatment of offshore investors.
590 _aKA
590 _aKA
651 4 _aInternational
690 _aSales
_96269
700 1 _aBooth, Rachel
_eEditor
942 _n0
999 _c106404
_d106404